00333nam a2200133Ia 4500003000400000008004100004040001600045082002000061100002400081245004300105650001300148650001400161650002400175GCL140319s9999 xx 000 0 eng d aGCL / cGCL04aCHb372.72bA B1 aABDEL RASHEED, ATEF10a1-2 BLOCK NOTE / cABDEL RASHEED, ATEF04aCHILDREN04aEDUCATION04aCHILDREN - LEARNING